000 00696nam a2200217Ia 4500
001 10678
003 GE_BSU
008 181216s||||||||xx |||||||||||||| ||und||
040 _cGE_BSU
080 _a821.353.1-1
100 _aფორჩხიძე,შალვა
245 _aლურჯ ტბათა იქით.
245 _bლექსები
245 _cრედ.კ.ბობოხიძე;მხატვ.ჯ.ყაველაშვილი.
260 _aთბილისი.
260 _bსაბჭ.საქართველო.
260 _c1959.
300 _a111გვ;19სმ.
653 _aლურჯ ტბათა იქით.
942 _cBK
999 _c43929
_d43929